Illinois 100k cities - Statistics

General Stats
  • This quiz has been taken 36 times
  • The average score is 6 of 8
Answer Stats
Hint Answer % Correct
2,664,452 Chicago
100%
150,245 Naperville
81%
146,120 Rockford
81%
150,489 Joliet
78%
177,563 Aurora
74%
110,460 Peoria
74%
112,544 Springfield
67%
113,310 Elgin
59%
No matching quizzes found
Score Distribution
Percent of People with Each Score
Percentile by Number Answered
Your Score History
You have not taken this quiz